A Handbook of public speaking for scientists and engineers (Record no. 76106)

MARC details
000 -LEADER
fixed length control field 00680nam a2200157 a 4500
008 - FIXED-LENGTH DATA ELEMENTS--GENERAL INFORMATION
fixed length control field 120416s1982 ||||||||||||||||| || u
020 ## - INTERNATIONAL STANDARD BOOK NUMBER
International Standard Book Number 0852745532
050 ## - LIBRARY OF CONGRESS CALL NUMBER
Classification number PN 4130 Ken
100 ## - MAIN ENTRY--PERSONAL NAME
Personal name Kenny, Peter
245 12 - TITLE STATEMENT
Title A Handbook of public speaking for scientists and engineers
260 ## - PUBLICATION, DISTRIBUTION, ETC.
Place of publication, distribution, etc. Bristol
Name of publisher, distributor, etc. Adam Hilger
Date of publication, distribution, etc. [1982]
350 ## -
-- 0.00
650 ## - SUBJECT ADDED ENTRY--TOPICAL TERM
Topical term or geographic name entry element PUBLIC SPEAKING
995 ## -
-- MAIN LIBRARY OPEN ACCESS
-- 0.00
-- 726629
-- CBU-MAIN LIBRARY (Kitwe)
-- 2
-- 6.50
-- PN 4130 Ken
-- 2
-- AVAILABLE
-- 026016
-- Main Library Open Access Collection
995 ## -
-- BINDERY (DAMAGED)
-- 0.00
-- 728890
-- CBU-MAIN LIBRARY (Kitwe)
-- 1
-- 6.50
-- PN 4130 Ken
-- 1
-- DAMAGED
-- 020677
-- Main Library Open Access Collection
999 ## -
-- 76106
-- 76106
Holdings
Withdrawn status Lost status Source of classification or shelving scheme Damaged status Not for loan Permanent Location Current Location Shelving location Date acquired Total Checkouts Full call number Barcode Date last seen Copy number Price effective from Koha item type
          CBU-MAIN LIBRARY, KITWE. CBU-MAIN LIBRARY, KITWE.   04/25/2023   PN 4130 Ken 026016 04/25/2023 1 04/25/2023 MONOGRAPH
          CBU-MAIN LIBRARY, KITWE. CBU-MAIN LIBRARY, KITWE.   04/25/2023   PN 4130 Ken 020677 04/25/2023 2 04/25/2023 MONOGRAPH